পুরাতন বাংলা গদ্যগ্রন্থ সংকলন / (Record no. 49374)
[ view plain ]
| 000 -LEADER | |
|---|---|
| fixed length control field | 01040nam a22002417a 4500 |
| 001 - CONTROL NUMBER | |
| control field | 49374 |
| 003 - CONTROL NUMBER IDENTIFIER | |
| rucl marc code | BD-RjUL |
| 005 - DATE AND TIME OF LATEST TRANSACTION | |
| control field | 20211209054654.0 |
| 008 - FIXED-LENGTH DATA ELEMENTS--GENERAL INFORMATION | |
| fixed length control field | 160820s1978 ii ||||| |||| 00| 0 ben d |
| 020 ## - INTERNATIONAL STANDARD BOOK NUMBER | |
| Terms of availability | : TK 35.00 |
| 035 ## - SYSTEM CONTROL NUMBER | |
| System control number | (BD-RjUL)49493 |
| 040 ## - CATALOGING SOURCE | |
| Original cataloging agency | BD-RjUL |
| Language of cataloging | ben |
| Transcribing agency | BD-RjUL |
| 041 ## - LANGUAGE CODE | |
| Language code of text/sound track or separate title | ben |
| 082 ## - DEWEY DECIMAL CLASSIFICATION NUMBER | |
| Edition number | 23 |
| Classification number | 891.4408 |
| Author mark and year | PUR 1978 |
| 245 10 - TITLE STATEMENT | |
| Title | পুরাতন বাংলা গদ্যগ্রন্থ সংকলন / |
| Statement of responsibility, etc. | সম্পাদনা অসিতকুমার বন্দ্যোপাধ্যায় |
| 260 ## - PUBLICATION, DISTRIBUTION, ETC. (IMPRINT) | |
| Place of publication, distribution, etc. | কলিকাতা : |
| Name of publisher, distributor, etc. | শৈব্যা পুস্তকালয়, |
| Date of publication, distribution, etc. | ১৯৭৮. |
| 300 ## - PHYSICAL DESCRIPTION | |
| Pagination | খণ্ড ; |
| Size | ২২ সেমি. |
| 505 ## - FORMATTED CONTENTS NOTE | |
| Formatted contents note | খণ্ড ১-- খণ্ড ২-- |
| 650 ## - SUBJECT ADDED ENTRY--TOPICAL TERM | |
| Topical term or geographic name as entry element | বাংলা সাহিত্য |
| Form subdivision | সংগৃহীত রচনাসমূহ |
| 9 (RLIN) | 148226 |
| Topical term or geographic name as entry element | Bangali Literature |
| Form subdivision | Collected Works |
| 9 (RLIN) | 148227 |
| 700 ## - ADDED ENTRY--PERSONAL NAME | |
| Personal name | বন্দ্যোপাধ্যায়, অসিতকুমার |
| 942 ## - ADDED ENTRY ELEMENTS (KOHA) | |
| Source of classification or shelving scheme | Dewey Decimal Classification |
| Koha item type | Books |
| Lost status | Source of classification or shelving scheme | Damaged status | Not for loan | Collection code | Permanent Location | Current Location | Shelving location | Date acquired | Source of acquisition | Cost, normal purchase price | Total Checkouts | Full call number | Date last seen | Copy number | Koha item type | Date checked out |
|---|---|---|---|---|---|---|---|---|---|---|---|---|---|---|---|---|
| Dewey Decimal Classification | Non-fiction | Central Library, University of Rajshahi | Central Library, University of Rajshahi | 08/12/1983 | Tulip Enterprise, Dhaka | 35.00 | B 891.4408 PUR V-1 1978 | 20/08/2016 | C-2 | Books | ||||||
| Dewey Decimal Classification | Non-fiction | Central Library, University of Rajshahi | Central Library, University of Rajshahi | 08/12/1983 | Tulip Enterprise, Dhaka | 35.00 | 1 | B 891.4408 PUR V-2 1981 | 22/01/2023 | C-2 | Books | 16/01/2023 | ||||
| Dewey Decimal Classification | Non-fiction | Central Library, University of Rajshahi | Central Library, University of Rajshahi | 08/12/1983 | Tulip Enterprise, Dhaka | 35.00 | B 891.4408 PUR V-1 1978 | 28/11/2016 | C-3 | Books | ||||||
| Dewey Decimal Classification | Not For Loan | Non-fiction | Central Library, University of Rajshahi | Central Library, University of Rajshahi | Reading Room | 21/06/1982 | Uttarbanga Library | 105.00 | B 891.4408 PUR V-2 1981 | 13/02/2017 | C-1 | Books | ||||
| Dewey Decimal Classification | Not For Loan | Non-fiction | Central Library, University of Rajshahi | Central Library, University of Rajshahi | 12/06/1982 | Uttar Bango library | 105.00 | B 891.4408 PUR V-1 1978 | 27/02/2017 | C-1 | Books | |||||
| Dewey Decimal Classification | Non-fiction | Central Library, University of Rajshahi | Central Library, University of Rajshahi | 22/09/1981 | India International | 35.00 | B 891.4408 PUR V-1 1978 | 15/05/2017 | C-4 | Books |